<?xml version="1.0" encoding="UTF-8"?>
<record
    xmlns:xsi="http://www.w3.org/2001/XMLSchema-instance"
    xsi:schemaLocation="http://www.loc.gov/MARC21/slim http://www.loc.gov/standards/marcxml/schema/MARC21slim.xsd"
    xmlns="http://www.loc.gov/MARC21/slim">

  <leader>01392nam a2200157   4500</leader>
  <controlfield tag="008">708 C267c</controlfield>
  <datafield tag="020" ind1=" " ind2=" ">
    <subfield code="a">9789974363632</subfield>
  </datafield>
  <datafield tag="082" ind1=" " ind2=" ">
    <subfield code="a">708</subfield>
    <subfield code="b">C267c</subfield>
  </datafield>
  <datafield tag="100" ind1=" " ind2=" ">
    <subfield code="a">Willers, Karl Emil (curadur&#xED;a)</subfield>
    <subfield code="9">7221</subfield>
  </datafield>
  <datafield tag="245" ind1=" " ind2=" ">
    <subfield code="a">Cardillo:</subfield>
    <subfield code="b">del r&#xED;o de la Plata al valle del r&#xED;o Hudson </subfield>
  </datafield>
  <datafield tag="260" ind1=" " ind2=" ">
    <subfield code="a">Uruguay</subfield>
    <subfield code="b">Museo Nacional de Artes Visuales</subfield>
    <subfield code="c">2018</subfield>
  </datafield>
  <datafield tag="300" ind1=" " ind2=" ">
    <subfield code="a">230 p.</subfield>
    <subfield code="b">il. (col)</subfield>
    <subfield code="c">28 x 24 cm</subfield>
  </datafield>
  <datafield tag="505" ind1=" " ind2=" ">
    <subfield code="t">Pr&#xF3;logo / Prologue </subfield>
    <subfield code="r">Enrique Aguerre</subfield>
    <subfield code="t">Rimer Cardillo: del R&#xED;o de la Plata al valle del r&#xED;o Hudson / Rimer Cardillo: from the R&#xED;o de la Plata to the r&#xED;o Hudson River Valley</subfield>
    <subfield code="r">Karl Emil Willers</subfield>
    <subfield code="t">Po&#xE9;tica y pol&#xED;tica de una representaci&#xF3;n de la naturaleza / Poetics and Politics of a Representation of Nature</subfield>
    <subfield code="r">Manuel Neves</subfield>
    <subfield code="t">Matrices simb&#xF3;licas de un acervo ancestral / Symbolic Matrices of an Ancestral Heritage</subfield>
    <subfield code="r">Cecilia Marina Slaby </subfield>
    <subfield code="t">Rimer Cardillo: una confederaci&#xF3;n de atributos / Rimer Cardillo: A Confederation of Atributes</subfield>
    <subfield code="r">Linda Weintraub</subfield>
    <subfield code="t">Escenograf&#xED;as de insectos / Insect stage sets</subfield>
    <subfield code="r">Rimer Cardillo</subfield>
    <subfield code="t">Por las tierras de Quiroga / Intro the Lands of Quiroga</subfield>
    <subfield code="r">Rimer Cardillo</subfield>
    <subfield code="t">B&#xFA;ho / Owl</subfield>
    <subfield code="r">Rimer Cardillo</subfield>
    <subfield code="t">Caparazones / Carapaces</subfield>
    <subfield code="r">Rimer Cardillo</subfield>
    <subfield code="t">Obras expuestas / Works in the Exhibition</subfield>
    <subfield code="t">Cronolog&#xED;a / Chronology</subfield>
    <subfield code="t">Cr&#xE9;ditos / Credits</subfield>
  </datafield>
  <datafield tag="650" ind1=" " ind2=" ">
    <subfield code="x">arte contempor&#xE1;neo</subfield>
    <subfield code="x">arte - exhibiciones</subfield>
    <subfield code="x">Cardillo, Rimer</subfield>
    <subfield code="x">Grabado</subfield>
    <subfield code="x">Escultura</subfield>
    <subfield code="x">Uruguay</subfield>
    <subfield code="9">7222</subfield>
  </datafield>
  <datafield tag="700" ind1=" " ind2=" ">
    <subfield code="a">Neves, Manuel (curadur&#xED;a)</subfield>
    <subfield code="9">7191</subfield>
  </datafield>
  <datafield tag="999" ind1=" " ind2=" ">
    <subfield code="c">1865</subfield>
    <subfield code="d">1865</subfield>
  </datafield>
  <datafield tag="952" ind1=" " ind2=" ">
    <subfield code="0">0</subfield>
    <subfield code="1">0</subfield>
    <subfield code="2">ddc</subfield>
    <subfield code="4">0</subfield>
    <subfield code="7">0</subfield>
    <subfield code="a">LV</subfield>
    <subfield code="b">LV</subfield>
    <subfield code="c">Monograf&#xED;as</subfield>
    <subfield code="d">2019-10-26</subfield>
    <subfield code="l">0</subfield>
    <subfield code="o">708 C267c</subfield>
    <subfield code="p">004845</subfield>
    <subfield code="r">2019-10-26 00:00:00</subfield>
    <subfield code="w">2019-10-26</subfield>
    <subfield code="y">01</subfield>
  </datafield>
</record>
